=LDR 00000nam 2200000 4500 =001 INLIS000000000036971 =005 20150627125127.0 =006 =007 =008 Ind =035 ##$$0010-061300000036971 =041 ##$$a Ind =082 ##$$a 813 =090 ##$$a 813, Bir k =100 ##$$a Birdsall, Jeanne =245 ##$$a Keluarga penderwilk, kisah musim panas empat kakak beradik perempuan desa kelinci dan seorang anak laki-laki yang sangat menarik, Jeanne Birdsall ; alih bahasa, Poppy Dayanyanti =260 ##$$a 2008 $b Jakarta =300 ##$$a 291 hlm, 19 cm =650 ##$$a Fiksi Indonesia =850 ##$$a NBPNMAT =990 ##$$a 21195684/BPAP-NTB/2014 =990 ##$$a 0001/BPAP-NTB/20142015 =990 ##$$a 0001/BPAP-NTB/20142015